000 00546nam a2200181 a 4500
005 20251212063925.0
008 991125s1963 ea 000 0 eng u
035 _aUPN01000054295
049 _aCG
050 4 _aLC205
_bJ3.8 1963
100 1 _aJarolimek, John
245 1 0 _aSocial studies in elementary education /
_cJohn Jarolimek.
250 _a2a ed.
260 _aNew York :
_bMacMillan,
_c1963.
300 _ax, 418 p., [6] h. de láms. :
_bil.
650 4 _aEducación primaria
_xAspectos sociales
_zEstados Unidos
_918802
905 _aLibro
999 _c54295
_d54295